000
00283nam a22001337a 4500
008
170315b xxu||||| |||| 00| 0 eng d
020
_a
00881336161
041
_a
eng
080
_a
591
100
_a
7
101
_a
SHM
245
_a
PRIMATY BEHAVIOR
_c
PETERSON.J.D
942
_2
udc
_c
BK
999
_c
7816
_d
7816